| 000 | 06253cam a22019574i 4500 | ||
|---|---|---|---|
| 003 | PE-LiUPU | ||
| 005 | 20250813165949.0 | ||
| 008 | 150706s2013 mx a r 000 0 spa d | ||
| 020 | _a6071510015 | ||
| 020 | _a9786071510013 | ||
| 035 | _a(Sirsi) i9786071510013 | ||
| 040 |
_aPE-LiUPU _bspa _cPE-LiUPU _dPE-LiUPU _erda |
||
| 049 | _aPRUA | ||
| 082 | 0 | 4 |
_a657.48 _bG85 _221 |
| 100 | 1 |
_aGuajardo Cantú, Gerardo, _eautor. |
|
| 245 | 1 | 0 |
_aContabilidad financiera / _cGerardo Guajardo Cantú y Nora Andrade de Guajardo. |
| 250 | _aSexta Edición. | ||
| 264 | 1 |
_aMéxico : _bMcGraw-Hill/Interamericana, _c2013. |
|
| 300 |
_a476 páginas : _bilustraciones ; _c27 centímetros |
||
| 336 |
_atext _2rdacontent |
||
| 337 |
_aunmediated _2rdamedia |
||
| 338 |
_avolume _2rdacarrier |
||
| 505 | 0 | _aContexto -- Marco conceptual de la información financiera -- Ciclo contable de empresas de servicios -- Registro contable -- Ajustes -- Estados financieros y cierre -- Empresas comerciales -- Ciclo contable de empresas comerciales -- Análisis de partidas específicas -- Efectivo e inversiones temporales -- Cuentas y documentos por cobrar -- Inventarios -- Inmuebles, planta y equipo -- Intangibles -- Pasivos -- Capital contable -- Análisis -- Estado de flujos de efectivo. | |
| 526 | _aP203 | ||
| 526 | _aP200 | ||
| 526 | _aSEG65 | ||
| 526 | _aSEG64 | ||
| 526 | _aSEG63 | ||
| 526 | _aSEG62 | ||
| 526 | _aSEG61 | ||
| 526 | _aSEG60 | ||
| 526 | _aSEG59 | ||
| 526 | _aSEG58 | ||
| 526 | _aSEG57 | ||
| 526 | _aSEG56 | ||
| 526 | _aSEG55 | ||
| 526 | _aSEG54 | ||
| 526 | _aSEG53 | ||
| 526 | _aSEG52 | ||
| 526 | _aSEG51 | ||
| 526 | _aSEG50 | ||
| 526 | _aSEG49 | ||
| 526 | _aSEG48 | ||
| 526 | _aSEG47 | ||
| 526 | _aSEG46 | ||
| 526 | _aSEG24 | ||
| 526 | _aSEG23 | ||
| 526 | _aSEG22 | ||
| 526 | _aSEG21 | ||
| 526 | _aSEG20 | ||
| 526 | _aSEG19 | ||
| 526 | _aSEG18 | ||
| 526 | _aSEG17 | ||
| 526 | _aSEG16 | ||
| 526 | _aSEG14 | ||
| 526 | _aSEG13 | ||
| 526 | _aSEG12 | ||
| 526 | _aSEG11 | ||
| 526 | _aSEG10 | ||
| 526 | _aSEG09 | ||
| 526 | _aSEG06 | ||
| 526 | _aSEG05 | ||
| 526 | _aSEG04 | ||
| 526 | _aSEG03 | ||
| 526 | _aSEG02 | ||
| 526 | _aSEG68 | ||
| 526 | _aSEG66 | ||
| 526 | _aSEG45 | ||
| 526 | _aSEG25 | ||
| 526 | _aSEG01 | ||
| 526 | _aP163 | ||
| 526 | _aP162 | ||
| 526 | _aP161 | ||
| 526 | _aP160 | ||
| 526 | _aP159 | ||
| 526 | _aP158 | ||
| 526 | _aP157 | ||
| 526 | _aP156 | ||
| 526 | _aP155 | ||
| 526 | _aP154 | ||
| 526 | _aP153 | ||
| 526 | _aP152 | ||
| 526 | _aP151 | ||
| 526 | _aP150 | ||
| 526 | _aP149 | ||
| 526 | _aP142 | ||
| 526 | _aP141 | ||
| 526 | _aP140 | ||
| 526 | _aP139 | ||
| 526 | _aP138 | ||
| 526 | _aP137 | ||
| 526 | _aP132 | ||
| 526 | _aP131 | ||
| 526 | _aP130 | ||
| 526 | _aP126 | ||
| 526 | _aP125 | ||
| 526 | _aP124 | ||
| 526 | _aP123 | ||
| 526 | _aP115 | ||
| 526 | _aP122 | ||
| 526 | _aP121 | ||
| 526 | _aP116 | ||
| 526 | _a P114 | ||
| 526 | _aP112 | ||
| 526 | _aP111 | ||
| 526 | _aP104 | ||
| 526 | _aP103 | ||
| 526 | _aP102 | ||
| 526 | _aP101 | ||
| 526 | _aP100 | ||
| 526 | _aP96 | ||
| 526 | _aP95 | ||
| 526 | _aP93 | ||
| 526 | _aP92 | ||
| 526 | _aP91 | ||
| 526 | _aP88 | ||
| 526 | _aP83 | ||
| 526 | _aP82 | ||
| 526 | _aP79 | ||
| 526 | _aP78 | ||
| 526 | _aP75 | ||
| 526 | _aP74 | ||
| 526 | _aP71 | ||
| 526 | _aP69 | ||
| 526 | _a P51 | ||
| 526 | _aP49 | ||
| 526 | _aP48 | ||
| 526 | _aP47 | ||
| 526 | _aP33 | ||
| 526 | _aP31 | ||
| 526 | _a P30 | ||
| 526 | _aP29 | ||
| 526 | _aP27 | ||
| 526 | _aP26 | ||
| 526 | _aP25 | ||
| 526 | _aP24 | ||
| 526 | _a P22 | ||
| 526 | _aP10 | ||
| 526 | _aP09 | ||
| 526 | _a P08 | ||
| 526 | _aP06 | ||
| 526 | _aP05 | ||
| 526 | _aP04 | ||
| 526 | _aP01 | ||
| 541 | _g043-0014561; | ||
| 541 | _g001-000103; | ||
| 541 | _g001-000103; | ||
| 650 | 0 | 4 |
_aContabilidad financiera. _94736 |
| 700 | 1 |
_aAndrade de Guajardo, Nora E., _eautor. |
|
| 910 |
_agl _clch _d20131125 |
||
| 942 |
_2ddc _cBOOK |
||
| 949 |
_a657.3 G85 _wDEWEY _c1 _iFT02596 _lCCODEBUT1 _mBUT _p36.28 _r0 _sY _tBOOK _u2016-3-31 _xFCE _PP08 _0COMPRA _o.STAFF. Colección General |
||
| 949 |
_a657.48 G85 _wDEWEY _c1 _i69011 _d2018-5-29 _e2018-3-5 _f2018-2-12 _g2 _lCCODEBUL1 _mBUL _n5 _p50.00 _q3 _r0 _sY _tBOOK _u2015-7-6 _xFCE _PP08 _0COMPRA _o.STAFF. Colección Ciencias Empresariales |
||
| 949 |
_a657.48 G85 _wDEWEY _c1 _iFT02896 _d2018-5-8 _e2018-5-7 _lCCODEBUT1 _mBUT _n2 _p36.28 _r0 _sY _tBOOK _u2015-9-21 _xFCE _PP08 _0COMPRA _o.STAFF. Colección General |
||
| 949 |
_a657.48 G85 _wDEWEY _c2 _i69012 _d2016-9-1 _e2016-8-29 _f2018-2-10 _g2 _lCCODEBUL1 _mBUL _n1 _p50.00 _r0 _sY _tBOOK _u2015-7-6 _xFCE _PP08 _0COMPRA _o.STAFF. Colección General |
||
| 949 |
_a657.48 G85 _wDEWEY _c3 _i70020 _d2018-5-29 _e2017-5-22 _f2018-2-12 _g2 _lCCODEBUL1 _mBUL _n5 _p50.00 _q3 _r0 _sY _tBOOK _u2015-7-24 _xFCE _PP08 _0COMPRA _o.STAFF. Colección Ciencias Empresariales |
||
| 994 |
_aC0 _bPEPRU |
||
| 596 | _a1 2 | ||
| 999 |
_a657.48 G85 _wDEWEY _c56145 _i69011 _d56145 _e2018-6-18 _f2021-11-5 _g5 _lCCODEBUL1 _mBUL _n8 _p50.00 _q5 _r0 _sY _tBOOK _u2015-7-6 _xFCE _zP08 _0COMPRA _o.STAFF. Colección Ciencias Empresariales |
||
| 999 |
_a657.48 G85 _wDEWEY _c2 _i69012 _d2018-6-7 _e2016-8-29 _f2019-12-11 _g4 _lCCODEBUL1 _mBUL _n1 _p50.00 _q1 _r0 _sY _tBOOK _u2015-7-6 _xFCE _PP08 _0COMPRA _o.STAFF. Colección General |
||
| 999 |
_a657.48 G85 _wDEWEY _c3 _i70020 _d2018-11-12 _e2018-11-8 _f2021-11-5 _g5 _lCCODEBUL1 _mBUL _n9 _p50.00 _q7 _r0 _sY _tBOOK _u2015-7-24 _xFCE _zP08 _0COMPRA _o.STAFF. Colección Ciencias Empresariales |
||
| 999 |
_a657.48 G85 _wDEWEY _c1 _iFT02896 _d2019-5-22 _e2019-5-17 _f2019-2-20 _g1 _lCCODEBUT1 _mBUT _n4 _p36.28 _r0 _sY _tBOOK _u2015-9-21 _xFCE _PP08 _0COMPRA _o.STAFF. Colección General |
||
| 999 |
_a657.3 G85 _wDEWEY _c1 _iFT02596 _f2019-2-20 _g1 _lCCODEBUT1 _mBUT _p36.28 _r0 _sY _tBOOK _u2016-3-31 _xFCE _PP08 _0COMPRA _o.STAFF. Colección General |
||
| 980 |
_81 _gALBERTO SANCHEZ Responsable de Automatización |
||